00581nam a22002177a 450000500170000001000130001702000220003003500130005203700170006504000120008208200160009410000170011024500530012726000320018027000150021230000330022749000280026050000190028865000360030765000200034320170124110115.0 aA-294958 c00.00a0333312953 aA-294958 bCen Lib/ Ret aDPLbEN a909.82bLOW aLowe, Norman aMastering modern world history /cby Norman Lowe aHoundmillsbMacmillanc1986 bHoundmills axvii,370p. :c22cm(Hb)bill. aMacmillan master series aIncludes index aHistory, Modern -- 20th century aHistory, Modern